000 00612nam a22002052 4500
001 0000024298
005 20151217155915.0
008 130626s xx 000 0 eng d
020 _a9966940189 :
040 _aKABU
_cKABU
100 1 _aMatson, A. T.
_@0000184290
245 1 0 _aNandi resistance to British rule :
_bthe volcano erupts /
_cA. T. Matson.
250 _a1st ed.
260 _aNairobi :
_bTransafrica,
_c2009.
300 _axxiv, 200 p.
651 0 _aKenya
_xHistory.
_@0000148727
852 1 _9p1000 KES
908 _a130626
950 _@1
999 _c13923
_d13923